List of airports in Slovenia - Statistics

General Stats
  • This quiz has been taken 30 times
  • The average score is 8 of 16
Answer Stats
Answer % Correct
Ljubljana Jože Pučnik Airport
100%
Maribor Edvard Rusjan Airport
85%
Lesce - Bled Airport
69%
Murska Sobota Airport
69%
Portorož Airport
69%
Novo Mesto - Prečna Airport
62%
Slovenj Gradec Airport
62%
Celje Airport
54%
Ajdovščina Airport
46%
Bovec Airport
46%
Postojna Airport
46%
Cerklje ob Krki Air Base
38%
Ptuj Airport
38%
Šoštanj Airport
15%
Divača Airport
0%
Slovenske Konjice Airport
0%
No matching quizzes found
Score Distribution
Percent of People with Each Score
Percentile by Number Answered
Your Score History
You have not taken this quiz